000 01411cam a2200253 4500
001 ABS64088
008 000000n2001 000 0 eng u
035 _a(Sirsi) u113164
100 _aMosey, D.
245 _aAll together now
260 _c2001
490 _aRIBA Journal
_v108(6) June 2001, 73-76(3)
520 _aReviews the first standard form of project partnering contract, PPC 2000, which aims to ensure that both the project team and process are fully integrated in order to achieve the reforms set out in "Rethinking construction". The contract is signed by the client, the constructor, all consultants appointed by the client and certain specialists appointed by the constructor breaking down the barriers created in traditional two party forms of agreement and covers the entire project from conception to completion. PPC allows risk sharing between project partners and encourages key individuals to work together to resolve disputes before referring them to the ACA conciliation procedure.
590 _aABS
650 _aACA CONCILIATION PROCEDURE 1998
650 _aBUILT ENVIRONMENT-BUILDING CONTRACT FORMS
650 _aBUILT ENVIRONMENT-BUILDING CONTRACT FORMS
650 _aPPC 2000
650 _aPROJECT PARTNERING CONTRACT
650 _aSTANDARD FORMS OF AGREEMENT
690 _aBUILDING AND CONSTRUCTION-CONTRACTS-OTHER CONTRACTS
700 _aYoung, E.
942 _n0
999 _c67387
_d67387